MARC

LEADER 00000nam0a2200000 4500
001 312033
005 20231102002438.0
035 |a (RuTPU)RU\TPU\book\337400 
090 |a 312033 
100 |a 20151216d1969 km y0rusy50 ca 
101 0 |a rus 
102 |a RU 
105 |a a z 001zy 
200 1 |a Теория и расчет импульсных устройств на полупроводниковых приборах  |f Л. М. Гольденберг 
210 |a Москва  |c Связь  |d 1969 
215 |a 755 с.  |c ил. 
320 |a Библиогр.: с. 743-749. 
606 1 |a Импульсные устройства  |2 stltpush  |3 (RuTPU)RU\TPU\subj\12449  |9 39229 
610 1 |a полупроводниковые приборы 
610 1 |a линейные элементы 
610 1 |a электронные ключи 
610 1 |a импульсы 
610 1 |a формирователи 
610 1 |a триггеры 
610 1 |a мультивибраторы 
610 1 |a блокинг-генераторы 
610 1 |a синхронизация 
610 1 |a генераторы 
610 1 |a связь 
610 1 |a управление 
610 1 |a надежность 
610 1 |a проектирование 
675 |a 621.374  |v 4 
700 1 |a Гольденберг  |b Л. М.  |g Лев Моисеевич 
801 1 |a RU  |b 63413507  |c 20151216 
801 2 |a RU  |b 63413507  |c 20221021  |g RCR 
942 |c BK